More Than A Feeling by Boston - Lyrics - Statistics

General Stats
  • This quiz has been taken 163 times
  • The average score is 17 of 27
Answer Stats
More Than A Feeling by Boston % Correct
It's {more} {than} {a} {feeling} (more than a feeling)
95%
It's {more} {than} {a} {feeling} (more than a feeling)
95%
It's {more} {than} {a} {feeling} (more than a feeling)
95%
I see my Marianne {walkin'} {away}
77%
I see my Marianne {walkin'} {away}
76%
Turned on some music to {start} {my} {day}
76%
I closed my eyes and I {slipped} {away}
74%
I closed my eyes and she {slipped} {away}
74%
She {slipped} {away}
74%
When I hear that {old} {song} they used to play (more than a feeling)
69%
When I hear that {old} {song} they used to play (more than a feeling)
69%
When I hear that {old} {song} they used to play (more than a feeling)
69%
I looked out this morning and {the} {sun} {was} {gone}
66%
So many people have {come} {and} {gone}
66%
And dream of a girl {I} {used} {to} {know}
65%
'Till I see Marianne {walk} {away}
64%
'Till I see Marianne {walk} {away}
64%
'Till I see Marianne {walk} {away}
64%
Their faces fade {as} {the} {years} {go} {by}
60%
As clear as the sun in {the} {summer} {sky}
50%
I hide in my music, {forget} {the} {day}
49%
I lost myself in a {familiar} {song}
44%
I {begin} {dreaming} (more than a feeling)
38%
I {begin} {dreaming} (more than a feeling)
38%
I {begin} {dreaming} (more than a feeling)
38%
When I'm tired and {thinking} {cold}
22%
Yet I still recall as {I} {wander} {on}
19%
No matching quizzes found
Score Distribution
Percent of People with Each Score
Percentile by Number Answered
Your Score History
You have not taken this quiz